La U.N. en el Congo

Salvato in:
Dettagli Bibliografici
Autore principale: Gordon, King (Autore)
Natura: Libro
Lingua:spagnolo
Pubblicazione: Buenos Aires Plaza y Janés 1965
Soggetti:
Tags: Aggiungi Tag
Nessun Tag, puoi essere il primo ad aggiungerne!!

MARC

LEADER 00000nam a2200000 a 4500
001 UCP8003
003 CL-VaPUC
008 000106e19650000AG |||||||||||||||||spa|d
082 0 4 |a 341.523  |b GOR  |2 21 
100 0 |a Gordon, King  |e author  |9 437786 
245 1 3 |a La U.N. en el Congo 
300 |a 238 p 
942 |c BK 
945 |d 20000106 00:00:00  |a crobeson 
260 |a Buenos Aires  |b Plaza y Janés  |c 1965 
600 0 7 |a NACIONES UNIDAS  |2 CL-VaPUC  |9 255446 
650 7 |a MEDIACION INTERNACIONAL  |2 CL-VaPUC  |9 437787 
650 0 |a Guerra civil  |9 320243 
650 7 |a ORGANISMOS INTERNACIONALES  |2 CL-VaPUC  |9 255448 
651 7 |a CONGO  |2 CL-VaPUC  |9 377637 
583 |a last modification  |c 20000106 00:00:00  |k Rodrigo Vera 
999 |c 285038  |d 285036 
952 |0 0  |1 0  |4 0  |6 341_523000000000000_GOR_1965  |7 0  |8 A  |9 329391  |a BIBHIS  |b BIBHIS  |d 2019-11-20  |i 1374109  |o 341.523 GOR 1965  |p 1374109  |r 2025-01-20  |w 2019-11-20  |y BK  |k HIS